000 00304nam a2200133Ia 4500
005 20251222155109.0
008 251222s9999||||xx |||||||||||||| ||spa||
082 _aEBA.49
100 _aPERRY POTTER.
245 0 _aEnfermerĂ­a ClĂ­nica
250 _a4ta. ed.
264 _bHarcourt Brace
942 _cLIB
999 _c37968
_d37968